000 00759nam a2200265Ia 4500
001 Para_5791
003 CHAP
008 220125s1980 xx 000 0 und d
010 _a204286
040 _cCHAP
082 _aPA 519.72 M4
100 _aMena Martinez, José Antonio
_974530
245 _aNotas de programación lineal /
_c por José Antonio Mena Martínez
260 _aChapingo, Méx. :
_b UACh. Departamento de Irrigación
300 _a195 p.
650 _aProgramación líneal
_992371
710 _aUACh. Departamento de Irrigación
_9115874
901 _aPA 519.72 M4
902 _aA
905 _a0000001980 0000000000 00
910 _a1980
942 _cPARA
942 _cPARA
_d1
999 _c204286
_d204286